00928nam a2200205 a 450000100100000000500170001000800410002702000180006804000250008608200250011110000310013624500430016726000420021030000280025250000530028095201240033395201240045795201240058199900170070500004634920230131091613.0150731s2015 dr a 000 0 spa d a9789945588408 aDO-SdBNPbspacBNPHU axxxxxxxxxbxxxxxxxxx1 aContreras, Marivell91230210aDaniel y el ave /cMarivell Contreras. aSanto Domingo :bMuñequitos,c2015. a10 p. :bil., ;c14 cm. aIncluye datos biográficos en la contracubierta 00107-18PDaGRbGRcOId2015-07-31iLF1l0oxxxxxxxxx xxxxxxxxxp46349-30r2020-06-25w2020-06-25yLFPDZNo se presta 00107-18PDaPDbPDcOId2015-07-31iLF1l0oxxxxxxxxx xxxxxxxxxp46349-10r2020-06-25w2020-06-25yLFPDZNo se presta 00107-18PDaPDbPDcOId2015-07-31iLF1l0oxxxxxxxxx xxxxxxxxxp46349-20r2020-06-25w2020-06-25yLFPDZNo se presta c45838d45838